| 000 | 00370nam a2200121 4500 | ||
|---|---|---|---|
| 008 | 01970 1968 0a 000 0mex | ||
| 082 | _a621.7 | ||
| 110 | _aDe ayuda técnica centro regional | ||
| 245 | _aTecnología Mecanica vol.3/Centro regional de ayuda técnica | ||
| 260 | _aMéxico: Reverté | ||
| 300 | _a212p.vol.3/24cm. | ||
| 650 | _a1.TECNOLOGIA 2.MECANICA | ||
| 999 |
_c21931 _d21931 |
||